000 00617nam a2200229Ia 4500
003 BUBTL
008 151213s9999 xx 000 0 und d
020 _a984-300-001174-1
082 _a343.0525492/B248l
100 _aBaree, M. A.
_94091
245 _aLaw and Practice of Bangladesh Income Tax
_cM. A. Baree
250 _a3rd
260 _aDhaka
_bMemory Books
_cc2007
300 _a[xliv] , 811p . :
_b21cm.
500 _aIncludes Index
650 _aLaw
_94092
650 _aLaw
_94092
700 _aM. A. Baree
_94093
856 _k0
_l0
_yDownload
942 _2ddc
_cBK
999 _c3286
_d3286